000 01381nam a2200229Ia 4500
999 _c34414
_d34414
001 135
003 GE_BSU
005 20220824141809.0
008 181216s2006||||ge |||||||||||||| ||geo||
020 _a99996303X
040 _cGE_BSU
041 _ageo
080 _a615(075.8) თ–87
100 _aთურმანაული, გივი
_9616
245 _aსასწრაფო გადაუდებელი სამედიცინო დახმარების საფუძვლები :
_bფარმაკოთერაპიული სახელმძღვანელო
_cგივი თურმანაული.
264 _aთბილისი :
_b"ცის ნამი",
_c2006.
300 _a336 გვ.
_b სურ., ცხრ. ;
_c20 სმ.
500 _aრეკომენდირებულია საქართველოს ფარმაკოლოგთა ასოციაციის პრეზიდიუმის მიერ სახელმძღვანელოდ პრაქტიკოსი ექიმებისათვის და სტუდენტებისათვის
653 _aსასწრაფო გადაუდებელი სამედიცინო დახმარება
653 _aმედიცინა
942 _cBK
_2udc